Sistemas digitales : principios y aplicaciones
Đã lưu trong:
| Tác giả chính: | |
|---|---|
| Định dạng: | Sách |
| Ngôn ngữ: | Spanish |
| Được phát hành: |
México : Prentice Hall Hispanoamericana,
1987
|
| Những chủ đề: | |
| Các nhãn: |
Thêm thẻ
Không có thẻ, Là người đầu tiên thẻ bản ghi này!
|
MARC
| LEADER | 00000nam a2200000Ia 4500 | ||
|---|---|---|---|
| 003 | 00359 | ||
| 005 | 20221231144023.0 | ||
| 008 | 140114s1987 mx a 000 ||spa d | ||
| 040 | |c cru CEDI | ||
| 082 | |a 621.381.5 T631s | ||
| 100 | |a Tocci, Ronald J. |9 19137 | ||
| 245 | |a Sistemas digitales : principios y aplicaciones | ||
| 260 | |a México : Prentice Hall Hispanoamericana, |c 1987 | ||
| 300 | |a xiii 624 páginas ; 23 cm | ||
| 500 | |a Traduccion de: Digital systems/principles and applications. | ||
| 650 | |x ELECTRONICA DIGITAL |x ELECTRONICA - APARATOS E INSTRUMENTOS |x COMPUTADORAS ELECTRONICAS DIGITALES |x COMPUTADORAS ELECTRONICAS ANALOGICAS |9 19138 | ||
| 942 | |2 ddc |c BK | ||
| 999 | |c 15702 |d 15702 | ||
